00499nam a2200205Ia 4500008004100000020001800041050001600059100002300075245002000098245002700118245002600145260001500171260001600186260000900202300001600211300002500227300001000252300002300262500000800285170918s9999 xx 000 0 und d a9780590819756 bG822cl 1999 aGregory, Kristiana aCleopatra VII : bdaughter of the nile / cby Kristiana Gregory. aNew York : bScholastic, c1999 a221 pages : bcolor illustration ; c19cm. eThe royal diaries. a920